Tilastot visalle Pohjoisimmat valtiot maanosittain

Klikkaa tästä pelataksesi tätä visaa!

Yleistilastot

  • Tätä visaa on pelattu 724 kertaa
  • Keskiarvotulos 26 / 29

Vastaustilastot

MaanosaLeveyspiiriValtio% Oikein
Pohjois-Amerikka83°06' NKanada
99%
Eurooppa80°49' NNorja
99%
Eurooppa69°04' NRuotsi
99%
Eurooppa70°05' NSuomi
99%
Eurooppa81°51' NVenäjä
99%
Aasia81°51' NVenäjä
99%
Afrikka31°36' NEgypti
98%
Eurooppa67°08' NIslanti
98%
Pohjois-Amerikka71°23' NYhdysvallat
98%
Pohjois-Amerikka32°43' NMeksiko
97%
Afrikka35°55' NMarokko
96%
Aasia52º09' NMongolia
95%
Afrikka37°05' NAlgeria
91%
Aasia55°06' NKazakstan
91%
Aasia53°34' NKiina
91%
Etelä-Amerikka15°50' NKolumbia
90%
Afrikka33°10' NLibya
90%
Afrikka37°21' NTunisia
90%
Etelä-Amerikka15°40' NVenezuela
89%
Pohjois-Amerikka23°16' NKuuba
88%
Etelä-Amerikka6°01' NSuriname
81%
Etelä-Amerikka8°24' NGuyana
77%
Oseania0°30' SNauru
77%
Oseania10°05' NMikronesia
74%
Pohjois-Amerikka27°16' NBahama
73%
Oseania14°32' NMarshallinsaaret
72%
Oseania8°10' NPalau
72%
Oseania2°03' NKiribati
71%
Aasia45°36' NUzbekistan
69%

Tulosjakauma

Persentiili vastausten määrän mukaan

Jokaisen tuloksen saaneiden osuus

Tuloshistoriasi

Et ole pelannut tätä visaa